LEADER 01145nam a2200277 i 4500 001 991000416579707536 008 091027s2007 ne a b 001 0 eng d 020 $a9789004160194 (geb.) 020 $a9004160191 (geb.) 035 $ab13854033-39ule_inst 040 $aDip.to Studi Giuridici$bita 082 0 $a341.75 100 1 $aSvarverud, Rune$0471949 245 10$aInternational law as world order in Late Imperial China :$btranslation, reception and discourse, 1847-1911 /$cby Rune Svarverud 260 $aLeiden ;$aBoston :$bBrill,$c2007 300 $ax, 322 p. :$bill. ;$c25 cm 440 0$aSinica Leidensia,$x0169-9563 ;$v78 504 $aInclude riferimenti bibliografici e indice 650 4$aDiritto internazionale$zCina$xStoria 651 4$aCina$xRelazioni estere$y1644-1912. 907 $a.b13854033$b28-01-14$c27-10-09 912 $a991000416579707536 945 $aLE027 341.75 SVA01.01$g1$i2027000235919$lle027$o-$pE75.00$q-$rl$s- $t0$u0$v0$w0$x0$y.i15057823$z14-01-10 996 $aInternational law as world order in Late Imperial China$9228656 997 $aUNISALENTO 998 $ale027$b27-10-09$cm$da $e-$feng$gne $h0$i0 LEADER 01418nam 22005055u 450 001 9910158681703321 005 20211006145401.0 010 $a9783318040197 010 $a3318040193 035 $a(CKB)3780000000102197 035 $a(OCoLC)1046112342 035 $a(SZ-BaSKA)221666 035 $a(MiAaPQ)EBC31865345 035 $a(Au-PeEL)EBL31865345 035 $a(EXLCZ)993780000000102197 100 $a20211006d1989 uy 0 101 0 $aeng 135 $aurunu||||| 181 $ctxt$2rdacontent 182 $cc$2rdamedia 183 $acr$2rdacarrier 200 10$aThe Metabolism and Toxicity of Fluoride / $f G.M. Whitford 205 $a1st ed. 210 $aBasel : $cS. Karger, $d1989 215 $a1 online resource (XII + 160 pages) : $c 63 figures, 19 tables 225 1 $aIssn Series 311 08$a9783805549424 311 08$a3805549423 410 0$aIssn Series 606 $aDental Medicine 606 $aOral and Maxillofacial Surgery 606 $aCaries Prophylaxis 606 $aMetabolism 615 14$aDental Medicine 615 14$aOral and Maxillofacial Surgery 615 24$aCaries Prophylaxis 615 24$aMetabolism 676 $a612/.3924 700 $aWhitford$b G.M$01215809 801 0$bUKSKG 801 1$bUKSKG 906 $aBOOK 912 $a9910158681703321 996 $aThe Metabolism and Toxicity of Fluoride$92809432 997 $aUNINA